Science Quiz

Random Science or Animal Quiz
Score 0/24 Timer 05:00
7 Plays Today
% Correct
Ringed Seal
88.1%
Humpback Whale
87%
Spoonbill
85.4%
Stork
81.8%
Heron
80.8%
Warthog
79.1%
Leopard Seal
78.9%
Fin Whale
77.4%
Caiman
73.8%
Alligator
72.5%
Hercules Beetle
72.2%
Bushpig
72.2%
% Correct
Llama
72%
Alpaca
71.9%
Right Whale
69.3%
Crocodile
68.5%
Stag beetle
68.4%
Harp Seal
64.9%
Eland
54.8%
Vicuña
53.3%
Goliath Beetle
52.5%
Babirusa
52.2%
Kudu
50.6%
Nyala
48.8%
Remove Ads.
Support Sporcle.
Get the best of Sporcle when you Go Orange. This ad-free experience offers more features, more stats, and more fun while also helping to support Sporcle. Thank you for becoming a member.

You're not logged in!

Compare scores with friends on all Sporcle quizzes.
OR
Log In

Show Comments

Extras

Top Quizzes Today


Score Distribution

Your Account Isn't Verified!

In order to create a playlist on Sporcle, you need to verify the email address you used during registration. Go to your Sporcle Settings to finish the process.

Report this User

Report this user for behavior that violates our Community Guidelines.

Details: